00693nam a2200169 a 450000100100000000500170001000800410002704000250006808200150009310000490010824501050015726000580026230000280032070000390034895201190038799900170050600003637620200930075710.0120116s1986 cu a 000 0 spa d aDO-SdBNPbspacBNPHU axxxbR696c1 aRodríguez-Loeches Fernández, Juan96256510aCirugía del abdomen agudo /cJuan Rodríguez-Loeches Fernández ; prólogo de G. Pardo Gómez. aLa Habana :bEditorial Científico-Técnica,c1986. a276 p. :bil. ;c24 cm.1 aPardo Gómez, G.,epról.962566 001054708MOaGRbGRcCTd2012-01-16iLF1l0oxxx R696cp36377-10r2020-06-25w2020-06-25y4ZPréstamo en sala c35867d35867